| 000 | 00417nam a2200181Ia 4500 | ||
|---|---|---|---|
| 001 | 1254 | ||
| 005 | 20260306140618.0 | ||
| 008 | 260306t2008||||xx |||||||||||||| ||spa|| | ||
| 041 | _aESP | ||
| 082 |
_a190 _bC32 |
||
| 100 |
_aCassirer, Ernst _eAUT |
||
| 245 | 0 | _aFilosofía de la ilustración | |
| 260 | _c2008 | ||
| 300 |
_a405 páginas : _c21 cm. |
||
| 650 | _aGEN | ||
| 654 | _aCHU | ||
| 942 |
_cLIB _dJUS _fJUS _2ddc _n |
||
| 999 |
_c1254 _d1254 |
||